000 00619nam a22001817a 4500
003 BD-DhUL
005 20180301114634.0
008 180301s1982 ii |||| |||| 000 0 ben d
040 _aBD-DhUL
_cBD-DhUL
082 _a891.443
_bKRG
100 1 _aদত্ত, কৃষ্ণা।
245 1 _aগঙ্গা থেকে টেমস /
_cকৃষ্ণা দত্ত।
260 _aকলিকাতা :
_bনবপত্র,
_c১৯৮২।
300 _a৩৯৮ পৃ. ;
_c২২ সেমি.
650 4 _aবাংলা উপন্যাস
650 4 _aBengali fiction
942 _2ddc
_cBK
999 _c238762
_d238762